Nothing Was The Same Tracklist (Drake) - Statistics

General Stats
  • This quiz has been taken 111 times
  • The average score is 11 of 16
Answer Stats
Hint Answer % Correct
13 (ft JAY-Z) Pound Cake / Paris Morton Music 2
94%
8 (ft Majid Jordan) Hold On, We're Going Home
89%
1 Tuscan Leather
87%
7 (ft Jhené Aiko) From Time
85%
3 Started From the Bottom
74%
2 Furthest Thing
70%
15 (ft 2 Chainz, Big Sean) All Me
67%
14 Come Thru
67%
12 (ft Sampha) Too Much
67%
4 Wu-Tang Forever
67%
6 Worst Behavior
61%
5 Own It
57%
11 (ft Detail) 305 To My City
54%
9 Connect
46%
10 The Language
46%
16 The Motion
41%
No matching quizzes found
Score Distribution
Percent of People with Each Score
Percentile by Number Answered
Your Score History
You have not taken this quiz